| 000 | 00646cam a2200181 4500 | ||
|---|---|---|---|
| 001 | D2594 | ||
| 008 | 090401t1976 xxu||||| |||| 00| 0 eng d | ||
| 035 | _a(Sirsi) u69781 | ||
| 041 | _aeng | ||
| 110 |
_aCommonwealth Association of Surveying and Land Economy _92570 |
||
| 245 | 4 | _aThe development of land resources in East, Central and Southern Africa: the role of surveying and land economy, report of the proceedings of a seminar held at the Mulungushi Hall, Lusaka, Zambia 6-9 April 1976 | |
| 260 |
_aLondon _bCASLE _c1976 |
||
| 300 | _a134p. 30cm | ||
| 350 | _a3.5 | ||
| 520 | _aShelved at F.333.0096 | ||
| 942 | _n0 | ||
| 948 | _c04/03/1997 | ||
| 999 |
_c95230 _d95230 |
||